000 01162aam a2200325 i 4500
999 _c45824
_d45824
001 768714001
003 CO-MdFUSB
005 20201022104209.0
007 ta
008 200513t1915 enk |||| |||| 00| 0 eng d
020 _a[No incluye ISBN]
040 _bspa.
_aCO-MdFUSB
_cCO-MdFUSB
_dCO-MdFUSBC
_erda
041 _aeng
082 _223
_a226.307
_bG676
245 0 4 _aThe gospel according to Saint Mark
_c/ editado por W. C. Allen
264 1 _aLondres :
_bRivingtons,
_c[1915]
264 4 _c© 1915
300 _axvi, 214 páginas :
_bmapas
_c; 22 cm
336 _atexto
_btxt
_2rdacontent
337 _2rdamedia
_asin mediación
_bn
338 _2rdacarrier
_avolumen
_bnc
490 _aOxford church Biblical commentary.
505 _aHistoria temprana -- El autor -- La fecha y el lugar de la escritura -- Fuentes -- Análisis -- Características --Teología -- La historicidad -- El texto -- Notas de texto -- Texto y notas -- Comentario.
563 _aPasta dura
630 7 _aBiblia.
_pMarcos
_xCrítica, interpretación, etc.
700 _93685
_aAllen, Willoughby C.
_eeditor
942 _cBK
945 _aJTF-925